An introduction to citizenship. (Record no. 58788)

MARC details
000 -LEADER
fixed length control field 00598nam a22002291 4500
001 - CONTROL NUMBER
control field sa 64004854
003 - CONTROL NUMBER IDENTIFIER
control field DLC
005 - DATE AND TIME OF LATEST TRANSACTION
control field 20260227112028.0
008 - FIXED-LENGTH DATA ELEMENTS--GENERAL INFORMATION
fixed length control field 770419s1963 pk 00000 eng
010 ## - LIBRARY OF CONGRESS CONTROL NUMBER
LC control number sa 64004854
035 ## - SYSTEM CONTROL NUMBER
System control number ocl72858081
040 ## - CATALOGING SOURCE
Transcribing agency IU
043 ## - GEOGRAPHIC AREA CODE
Geographic area code a-pk---
050 0# - LIBRARY OF CONGRESS CALL NUMBER
Classification number JA84.P14
Item number A95 1963
100 10 - MAIN ENTRY--PERSONAL NAME
Personal name Aziz, Khursheed Kamal.
245 13 - TITLE STATEMENT
Title An introduction to citizenship.
250 ## - EDITION STATEMENT
Edition statement [4th ed.]
260 0# - PUBLICATION, DISTRIBUTION, ETC.
Place of publication, distribution, etc. Lahore,
Name of publisher, distributor, etc. M. R. Brothers,
Date of publication, distribution, etc. 1963.
300 ## - PHYSICAL DESCRIPTION
Extent vi, 422 p. ;
Dimensions 19 cm.
650 #0 - SUBJECT ADDED ENTRY--TOPICAL TERM
Topical term or geographic name entry element Political science.
651 #0 - SUBJECT ADDED ENTRY--GEOGRAPHIC NAME
Geographic name Pakistan
General subdivision Politics and government.

No items available.

Powered by Koha